000 00554nam a2200193Ia 4500
005 20250508163322.0
008 008 250505s9999 xx 000 0 eng d
037 _aTextual
040 _aFEDL
_beng
_cFEDL
041 _aeng
_2eng
084 _a616.3, WIS
_qFEDL
100 _aWise Jonathan
_9775102
245 0 _aOvereaters : Eating styles and personality
260 _aNew York, USA
_bHuman Science Press
_c1979
300 _a216p.
700 _a Wise Susan Kierr
_9775103
942 _cTEXL
_h616.3, WIS
999 _c1382290
_d1382290